[Event "Dortmund"]
[Site "Dortmund"]
[Date "1994.??.??"]
[Round "2"]
[White "Dreev, Alexey"]
[Black "Piket, Jeroen"]
[Result "0-1"]
[WhiteElo "2645"]
[BlackElo "2660"]
[Annotator "Ftacnik,L"]
[PlyCount "76"]
[EventDate "1994.07.??"]
[EventType "tourn"]
[EventRounds "9"]
[EventCountry "GER"]
[EventCategory "16"]
[SourceTitle "CBM 042"]
[Source "ChessBase"]
[SourceDate "1994.10.01"]
[SourceVersion "1"]
[SourceVersionDate "1994.10.01"]
[SourceQuality "1"]

1. d4 Nf6 2. c4 c6 3. Nf3 d5 4. e3 g6 5. Nc3 Bg7 6. Be2 O-O 7. O-O dxc4 8. Bxc4
Bg4 9. h3 Bxf3 10. Qxf3 Nbd7 11. Bb3 (11. Rd1) 11... e5 12. Rd1 Qe7 13. e4 $6 (
13. dxe5 Nxe5 14. Qe2) 13... exd4 14. Rxd4 Rad8 15. Be3 Nc5 16. Bc2 (16. Rxd8
Rxd8 17. Bc2) 16... Nfd7 17. Rdd1 (17. Rd2 Ne5 18. Qe2 Rxd2 19. Bxd2 Rd8 $15 {
xd3}) 17... b5 $1 18. Qe2 $6 (18. Qg3 $5) 18... Nb6 19. Rxd8 Rxd8 20. Re1 (20.
Rd1 Re8) 20... Nc4 21. Bc1 Ne6 22. Qf1 (22. Bd1 Qc5 $17) 22... Qc5 (22... Nd2
23. Bxd2 Rxd2 24. Re2 Rxe2 25. Qxe2 Qg5 $17) 23. Bb3 Nd2 24. Bxd2 Rxd2 25. Bxe6
fxe6 26. e5 (26. Re2 Bxc3 27. bxc3 Qxc3 28. Rxd2 (28. Qe1 Rc2 $19) 28... Qxd2
29. Qa1 Qd6 $19) 26... Rxb2 27. Ne4 Qxe5 28. Qd3 Qd5 29. Qg3 $1 (29. Qa3 Re2 $1
) 29... Be5 30. f4 (30. Qg5 Qxe4 $1 31. Rxe4 Rb1+) (30. Qh4 Re2 $1 $19) 30...
Bd4+ 31. Kh2 c5 32. Qh4 Rxa2 33. Qe7 h5 $1 34. Qe8+ Kg7 35. Qe7+ Kh6 36. h4 Qf5
37. Ng3 Qxf4 38. Rxe6 Ra1 $138 (38... Ra1 39. Re4 Qf6 40. Qe8 Re1 $1 41. Rxe1
Qxh4#) 0-1

[Event "Dos Hermanas"]
[Site "Dos Hermanas"]
[Date "1995.??.??"]
[Round "9"]
[White "Piket, Jeroen"]
[Black "Gelfand, Boris"]
[Result "1-0"]
[WhiteElo "2670"]
[BlackElo "2700"]
[PlyCount "79"]
[EventDate "1995.04.??"]
[EventType "tourn"]
[EventRounds "9"]
[EventCountry "ESP"]
[EventCategory "18"]
[SourceTitle "CBM 047"]
[Source "ChessBase"]
[SourceDate "1995.08.01"]
[SourceVersion "1"]
[SourceVersionDate "1995.08.01"]
[SourceQuality "1"]

1. d4 Nf6 2. c4 g6 3. Nc3 Bg7 4. e4 d6 5. Nf3 e5 6. Be2 O-O 7. O-O Nc6 8. d5
Ne7 9. Bd2 Nh5 10. Rc1 h6 11. Re1 Nf4 12. Bf1 g5 13. h4 g4 14. Nh2 h5 15. c5
dxc5 16. Be3 Neg6 17. Bxc5 Re8 18. g3 a6 19. Qb3 b6 20. Be3 Bf8 21. Nd1 Bd7 22.
Bd2 Bc5 23. Ne3 a5 24. a4 Qf6 25. Rxc5 bxc5 26. Rc1 Reb8 27. Qa3 Kh7 28. Rxc5
Rb7 29. Qc3 Bxa4 30. Rxc7 Rb3 31. Qc1 Be8 32. Nf5 Nxd5 33. Bg5 Qe6 34. Bc4 Nxc7
35. Bxe6 Nxe6 36. Bf6 Ngf4 37. gxf4 Nxf4 38. Kh1 Ra6 39. Bxe5 Nd3 40. Qg5 1-0

[Event "FIDE-Wch k.o."]
[Site "Groningen"]
[Date "1997.12.12"]
[Round "2.2"]
[White "Piket, Jeroen"]
[Black "Topalov, Veselin"]
[Result "1-0"]
[WhiteElo "2630"]
[BlackElo "2745"]
[Annotator "Ribli,Z"]
[PlyCount "55"]
[EventDate "1997.12.09"]
[EventType "k.o."]
[EventRounds "7"]
[EventCountry "NED"]
[SourceTitle "CBM 063"]
[Source "ChessBase"]
[SourceDate "1998.03.26"]
[SourceVersion "1"]
[SourceVersionDate "1998.03.26"]
[SourceQuality "1"]

1. d4 {Ftacnik} Nf6 2. Nf3 {Gegen ein mögliches Wolga-Gambit gerichtet. Jetzt
kann Weiß nach 2...c5 3.d5 b5 mit 4.Bg5 und den etwas besseren Aussichten
fortsetzen. Ribli.} e6 3. c4 d5 4. Nc3 dxc4 {Die sogenannte Wiener-Variante
des Damengambits, die zu lebendigem Figurenspiel und konkreten taktischen
Verwicklungen führt. Die erste Partie dieses Miniwettkampfes endete remis und
daher ist nach meiner Ansicht nicht logisch, daß sich Topalov mit Schwarz auf
eine so riskante Sache einläßt.} 5. e4 Bb4 6. Bg5 c5 {Früher galt 7.e5 cxd4 8.
Qa4 Nc6 9.0-0-0 als Hauptvariante für Weiß. Heutzutage scheint die
Partiefortsetzung die für Weiß bessere Wahl zu sein.} 7. Bxc4 cxd4 8. Nxd4
Bxc3+ 9. bxc3 Qa5 {Es ist interessant: Weiß hat gutes Figurenspiel und
Entwicklungsvorsprung, Schwarz nur einen kleinen strukturellen Vorteil.
Trotzdem gilt die Variante in der Großmeisterpraxis als spielbar für Schwarz!}
10. Bb5+ Bd7 (10... Nbd7) 11. Bxf6 gxf6 12. Qb3 {[%csl Re8] Das ist natürlich
eine lange Theorievariante. Ich möchte nur anmerken, daß Schwarz in der ganzen
Wiener-Variante Schwierigkeiten mit der Plazierung des Königs hat.} a6 13. Be2
Nc6 14. O-O Qc7 15. Qa3 {[%cal Ga3f8]} Rc8 (15... Qa5 16. Qb2) 16. Rad1 $5 {
Es ist immer sehr schwierig zu entscheiden, welcher Turm in die Linie gehört.}
(16. Rfd1 Na5 (16... Rg8 17. Rab1 Rg5 18. Qb2 Nxd4 19. cxd4 Qc2 20. Bd3 Qxb2
21. Rxb2 Bc6 22. f4 Ra5 23. Kf2 Rd8 24. Ke3 Ra3 {0-1 Berg,M-Morawietz,D/Porz
op24 1990/ (40)}) 17. c4 Qc5 {[%csl Rc4,Gc5]} 18. Qg3 Nc6 19. Nb3 Qf8 $13 {
Schwarz hat scheinbar eine sehr schlechte Stellung mit dem König in der Mitte,
aber er kontrolliert die wichtigsten Felder. Es ist für Weiß nicht leicht
voranzukommen, denn im Endspiel hat Schwarz keineswegs schlechtere Aussichten.}
(19... Qf8 {Ftacnik} 20. Rd2 Rg8 21. Qe3 Nb8 22. Rb1 Bc6 23. Na5 Qg7 24. g3 {
1-0 Khenkin,I-Akopian,V/Minsk 1990/ (43)})) (16. Rab1 Na5 17. Rfd1 Qxc3 (17...
Qc5 $1 {[%csl Gc5]}) 18. Qd6 $1 $44) 16... Na5 (16... Qa5 17. Qb2 $1 $14) (
16... Ne5 17. f4 Nc4 18. Bxc4 Qxc4 19. Rf3 Qc5 $13 (19... e5 {Ftacnik} 20. Nf5
$16)) 17. Qc1 $146 {Ftacnik: White loses no time and strives to attack black's
main weakness pawn f6, since the praxis have shown that the control of the
a3-f8 diagonal brings no fruits.} (17. Rd3 Qc5 (17... Nc4 {Ftacnik} 18. Qc1 Ke7
19. Rg3 Qa5 $13) 18. Qc1 Ke7 $5 (18... Rg8 $6 19. Qh6 Ke7 20. Rfd1 Rc7 (20...
Ba4 {Ftacnik} 21. Nxe6 $3 Kxe6 22. Rd6+ Qxd6 23. Rxd6+ Kxd6 24. Qxf6+ Kc7 25.
Qe5+ Kb6 26. Qd4+ $18) 21. Qxh7 Rgc8 22. e5 $3 fxe5 23. Qh4+ Ke8 24. Nxe6 $1 {
1-0 Beliavsky,A-Lukacs,P/Oesterreich 1997}) 19. f4 (19. Rfd1 {Ftacnik} Ba4 20.
Nb3 $5 Nxb3 21. axb3 Bxb3 22. Rd7+ Ke8 23. R1d4 e5 $13) 19... Bb5 20. Re3 Bxe2
21. Rxe2 Qxc3 22. Nc2 Rhd8 23. h3 Rd3 24. Kh2 Nc4 25. Qb1 Nd2 26. Qxb7+ Rc7 {
0-1 Lobron,E-Brunner,L/Garmisch 1994}) 17... Ke7 $2 (17... h5 $5 {Auf diese
Weise kann Schwarz die Fortsetzung 18.Qh6 vermeiden.}) (17... Qxc3 $6 18. Qh6
$44 {[%csl Re8,Rf6,Gh6]} Ke7 (18... Nc6 {Ftacnik} 19. Qxf6 Rf8 20. Rd3 $16) 19.
e5 $1 fxe5 20. Nf5+ exf5 21. Qd6+ Ke8 22. Qxd7+ Kf8 23. Qxf5 $40 {[%csl Rf8]
und Weiß droht stark 24.Rd7.}) (17... e5 $5 18. Nf5 Bxf5 19. exf5 Rg8 $13) (
17... h5 $5 {Ftacnik} 18. Rd3 $14) 18. Qh6 $1 $14 Bc6 $4 {Ein unglaublicher
Fehler für einen Supergroßmeister!} (18... Qc5 $5 {[%csl Gc5]}) (18... e5 19.
Nc2 {[%cal Rc2e3,Re3d5]} (19. Nf5+ Bxf5 20. exf5 Qxc3 $13) 19... Be6 $11 (19...
Be6 {Ftacnik} 20. Ne3 Rcd8 21. Nd5+ Bxd5 22. exd5 b5 $14)) (18... Nc6 19. f4
$14) (18... Rcg8 19. f4 $14) {[#]} 19. Nxe6 $1 $16 {Ftacnik: Chessplayers
dreams are made of similar stuff, shield around black king is shattered in one
blow. The game is thus already decided, even though black fights on. Dieser
schöne Springerzug entscheidet die Partie und den Wettkampf! Der schwarze
König findet keine Ruhe mehr.} Qe5 (19... fxe6 20. Qg7+ Ke8 21. Bh5+) (19...
Kxe6 20. Bg4+ (20. e5 $5 Qxe5 21. Bg4+ Ke7) 20... Ke7 (20... Ke5 21. f4+ Kxe4
22. Rfe1#) 21. e5 $1 Qxe5 (21... fxe5 {Ftacnik} 22. Qg5+ Ke8 23. Bxc8 $18) 22.
Rfe1 Be4 23. Bxc8 (23. Rd7+ Ke8 24. Rd4 Rc4 25. Rexe4 Qxe4 26. Rxe4+ Rxe4 27.
f3 $16) (23. Rd4 Rc4 24. f4 Qxd4+ 25. cxd4 Rxd4 26. Bf3 $18) 23... Rxc8 24. f3
$18 {[%cal Re1e7]} (24. Qh4 Rc4 25. Rd4 $18)) 20. Nd4 Rcg8 (20... Bxe4 21. Bf3
$16 {[%cal Rf1e1,Re1e7]} (21. Bf3 {Ftacnik} Bxf3 22. Nxf3 $18)) 21. f4 (21.
Nf5+ $4 Qxf5 22. exf5 Rxg2+ 23. Kh1 Rg6+ $19) 21... Qc5 (21... Qxe4 22. Bf3
Rxg2+ (22... Qg6 {Ftacnik} 23. Rfe1+ $18) 23. Kh1 $18 {[%csl Re7]} (23. Bxg2 $4
Qxg2#)) 22. Kh1 Rg6 (22... Bxe4 23. Bf3 Rg6 (23... Bxf3 {Ftacnik} 24. Nxf3 $18)
24. Qh3 $16 {[%csl Re7] führt zur Partiefortsetzung.}) 23. Qh3 Bxe4 {Die
schwarze Mehrbauernstellung ist wegen der sehr schlechten Plazierung des
Königs in der Mitte kaum verteidigungsfähig. Auch der Na5 ist nicht auf der
Höhe des Geschehens.} (23... Bd7 24. Qxd7+ Kxd7 25. Nb3+ Kc6 26. Nxc5 Kxc5 27.
Rd5+ Kb6 28. Rb1+ $18) 24. Bf3 Bxf3 (24... f5 25. Rfe1 {[%cal Re1e7]}) 25. Rxf3
{Ftacnik: Blacks king would have to be on the queenside to be in the safe
heaven, instead he sits undr fire in the center. Weiß hat einen überlegenen
Angriff mit allen Figuren, während der schwarze König auf sich allein gestellt
ist.} (25. Nxf3 {Ftacnik} h5 26. Qd7+ Kf8 27. Nh4 Rg4 28. Nf5 $18) 25... Qc7 (
25... Nc4 26. Re3+ $1 (26. Nf5+ {Ftacnik} Ke8 27. Nh4 $18) 26... Nxe3 (26...
Kf8 27. Nf5 $18 {[%cal Rd1d8,Rd8f8]}) 27. Qxe3+ Kf8 28. Ne6+ $18) (25... Rc8
26. Re3+ Kf8 27. Qxh7 $18) (25... Re8 26. f5 Rg7 (26... Rg5 27. Re3+ Kf8 28.
Qh6+ $18) 27. Qh6 $18) 26. Nf5+ $18 Kf8 27. Rfd3 Nc6 28. Rd7 {und Schwarz gab
in völlig hoffnungsloser Stellung auf.} (28. Rd7 Qb8 (28... Qa5 29. Qd3 $18 {
[%csl Rf8]} (29. Qd3 {Ftacnik} Ke8 30. Re7+ Kf8 31. Qd7 $18)) 29. Qe3 $5 {
Die weiße Drohung ist 30.Qe7 Nxe7 31.Rd8.} (29. Nd6 {[%csl Rf7]} Nd8 30. Qe3
$18) 29... Qe8 30. Qxe8+ Kxe8 31. Rc7 $18 {uns es folgt Matt in zwei Zügen.
Ribli.}) 1-0

[Event "Hoogovens"]
[Site "Wijk aan Zee"]
[Date "1998.01.22"]
[Round "6"]
[White "Piket, Jeroen"]
[Black "Topalov, Veselin"]
[Result "1-0"]
[WhiteElo "2575"]
[BlackElo "2740"]
[Annotator "Ribli,Z"]
[PlyCount "80"]
[EventDate "1998.01.16"]
[EventType "tourn"]
[EventRounds "13"]
[EventCountry "NED"]
[EventCategory "17"]
[SourceTitle "CBM 063"]
[Source "ChessBase"]
[SourceDate "1998.03.26"]
[SourceVersion "1"]
[SourceVersionDate "1998.03.26"]
[SourceQuality "1"]

1. d4 Nf6 2. Nf3 {Der holländische Großmeister umgeht - wie schon in Groningen
1997 - das Wolgagambit, zu dem es nach 2.c4 und c5 3.d5 b5 kommen könnte.Ribli.
} e6 3. c4 c5 {In Groningen - ein paar Wochen zuvor - spielte Topalov 3...d5 4.
Nc3 dxc4, die Wiener Variante.} 4. g3 {Piket vermeidet die nach 4.d5 exd5 5.
cxd5 d6 entstehende Benoni-Verteidigung, die Schwarz lebendiges taktisches
Spiel bietet.} cxd4 5. Nxd4 Qb6 (5... Bb4+) (5... Nc6) (5... d5) 6. Bg2 Bc5 (
6... Bb4+ 7. Nc3 Nc6 8. Nxc6 bxc6 9. O-O d5 10. Be3 Qa6 11. cxd5 cxd5 12. Qd4
Be7 13. a4 O-O 14. Nb5 Ne8 15. Nxa7 Bd7 {Hsu Li Yang-Ker,A/Jakarta zt 1993/1/
2-1/2 (42)}) 7. e3 Nc6 8. Nxc6 {Meiner Meinung nach ist das eine etwas
ambitionslose Fortsetzung, nach der Schwarz keine Probleme hat.} (8. Nc3 Nxd4
9. exd4 Bxd4 10. O-O e5 11. Nb5 (11. Qc2 O-O 12. Bg5 d5 13. Bxf6 Qxf6 14. Nxd5
Qd8 15. Rad1 Be6 16. b3 Rc8 17. Qd2 Re8 {1/2-1/2 Wells,P-Emms,J/Bad
Woerishofen op 1996}) 11... O-O 12. Nxd4 exd4 13. b3 d5 14. Bb2 {1/2-1/2
Ehlvest,J-Wedberg,T/Rilton Cup96/97 1996}) (8. Nb3 Bb4+ 9. N3d2 Ne5 (9... O-O
10. a3 Be7 11. Nc3 d5 12. O-O Rd8 13. b4 (13. cxd5 exd5 14. Qb3 Qc5 15. Qb5
Qxb5 16. Nxb5 {= Agzamov,G-Groszpeter,A/Sochi 1984}) 13... a5 14. b5 Ne5 15.
Qb3 Nxc4 16. Nxc4 dxc4 17. Qxc4 Bd7 18. Rb1 Rac8 19. Qb3 e5 20. Nd5 Nxd5 21.
Bxd5 Be6 22. Bxe6 Qxe6 {1/2-1/2 Tukmakov,V-Brodsky,M/Nikolaev zt 1993}) 10. O-O
Nd3 11. Ne4 Nxc1 12. Nxf6+ gxf6 13. Qxc1 Be7 14. Nc3 Qa5 15. Rd1 Rb8 16. Ne4 b6
17. Nd6+ Bxd6 18. Rxd6 Bb7 19. Qd1 Bxg2 20. Kxg2 Qc5 21. Kg1 Qc7 22. Qd4 Ke7
23. Rd1 {1-0 Arakelian,E-Arkhipov,S/RUS-chT 1995 (33)}) (8. O-O $5 {Nach
diesem Bauernopfer bekommt Weiß Kompensation, aber -meines Erachtens- auch
nicht mehr.} Nxd4 9. exd4 Bxd4 10. Nc3 e5 (10... O-O 11. Na4 Qd6 12. Bf4 e5 13.
Be3 $44) 11. Nb5 O-O 12. Nxd4 exd4 13. b3 {[%cal Rc1b2,Rb2d4]} d5 14. Ba3 Re8
15. c5 Qa5 16. Bb2 Qxc5 17. Bxd4 Qd6 18. Bxf6 Qxf6 19. Qxd5 {Weiß steht dank
seines etwas aktiveren Läufers nur scheinbar besser. Schwarz kann sich jedoch
leicht befreien.} Qe7 {[%cal Ge8e1]} 20. Rac1 Rb8 21. Qc5 b6 $11) 8... dxc6 (
8... bxc6 9. O-O Ba6 10. Qc2 d5 11. Nd2 O-O 12. b3 Rac8 13. Bb2 Be7 14. Rfd1
Rfd8 15. Rac1 Nd7 {1/2-1/2 Yee,L-Stone,R/Toronto op 1995 (35)}) 9. O-O e5 $11 {
Wir haben jetzt eine symmetrische Bauernverteilung, der Bewegungsfreiraum des
Bg2 ist durch die Bauern auf b7 und c6 eingeschränkt. So befindet sich Schwarz
in einer bequemen Stellung.} 10. Nc3 {[%cal Rc3a4]} Qc7 11. Qc2 O-O 12. b3 Be6
13. Bb2 Rad8 14. h3 (14. Ne4 Nxe4 15. Qxe4 f6 16. Rfd1 Qa5 $11) 14... Nd7 {
Schwarz bereitet 15...f5 mit Angriffschancen am Königsflügel vor.} 15. Rad1 f5
$15 {Schwarz verfügt über die etwas besseren Perspektiven. Weiß hat keinen
aktiven Plan, während Schwarz die Initiative am Königsflügel besitzt.} 16. Rfe1
a5 17. Kh2 h5 {[%csl Rh2][%cal Gc7h2]} 18. Kh1 Rde8 19. a3 (19. e4 $2 f4 $17 {
[%csl Gc5,Rd4,Gf8,Rh1]}) 19... Ba7 20. Rd2 Nf6 21. Qd1 h4 $6 {Die Hauptidee
ist gut, aber Schwarz hätte noch ein paar Vorbereitungszüge ausführen sollen.
Jetzt ist Weiß gut darauf vorbereitet, den Angriff zu parieren.} (21... Bc8 $5)
22. gxh4 $13 e4 {[%csl Rg2][%cal Rc7h2,Ra7b8,Rb8c7]} 23. Ne2 {[%cal Gb2g7]} Nh5
(23... Bb8 24. Nf4 $16 {[%csl Gf4][%cal Ge1g1,Gg1g8]}) 24. Rg1 $8 Bb8 25. Ng3
Nf6 $6 ({[#]} 25... Qxg3 26. fxg3 Nxg3+ 27. Kh2 Nf1+ 28. Kh1 Ng3+ $11) (25...
Nxg3+ $2 26. fxg3 Qxg3 27. Bf1 $18 {[%cal Gd2h2,Rg1g8]}) 26. f4 $1 $16 Rd8 $6 (
26... exf3 27. Bxf3 $16 {[%cal Gg1g8]}) 27. Bf1 Rxd2 28. Qxd2 {Weiß hat einen
Bauern mehr, und was noch wichtiger ist, er hat gute Angriffsmöglichkeiten am
Königsflügel. Sein Bb2 ist besonders stark.} Ba7 29. Be2 Qd7 30. Qxd7 Bxd7 31.
Nh5 {Auch durch den Damentausch hat die weiße Initiative nichts von ihrer
Kraft eingebüßt.} Ne8 32. c5 $5 {[%csl Rg8][%cal Re2c4,Rc4g8]} (32. Bxg7 Bxe3
33. Rg2 $18) 32... g6 $6 (32... Bxc5 33. Bxg7 (33. Bc4+ $6 Kh7 34. Bxg7 (34.
Nxg7 Nf6) 34... Nxg7 35. Rxg7+ Kh6 36. Rxd7 Kxh5 $11) (33. Nxg7 Kf7 34. Nxe8
Kxe8 35. Bg7 Bxe3 36. Bh5+ Rf7 37. Rd1 $14) 33... Kf7 34. Bc4+ Ke7 35. Bxf8+
Kxf8 $16) 33. b4 {[%csl Ra7] Jetzt ist der schwarze Ba7 ausgeschlossen.} Kh7
34. Rd1 {[%cal Rd2d7]} Be6 35. Rd8 {Droht 36.Rxe8 nebst 37.Nf6 oder das
sofortige 36.Nf6.} gxh5 36. Bxh5 {[%csl Re8][%cal Gd8f8]} axb4 37. axb4 b6 (
37... Ng7 38. Rxf8 Nxh5 39. Ra8 $18 {[%csl Ra7]}) 38. Bd4 bxc5 39. bxc5 Kg8 40.
Bxe8 {Schwarz hat zwei Bauern weniger und eine gelähmte Stellung.} Bc4 {
Und Schwarz gab zugleichg auf, denn es folgt 41.h5 mit sehr konkreten
Drohungen.Ribli.} 1-0

[Event "Hoogovens"]
[Site "Wijk aan Zee"]
[Date "1999.01.29"]
[Round "11"]
[White "Piket, Jeroen"]
[Black "Ivanchuk, Vassily"]
[Result "1-0"]
[WhiteElo "2609"]
[BlackElo "2714"]
[Annotator "Kortschnoj,V"]
[PlyCount "75"]
[EventDate "1999.01.16"]
[EventType "tourn"]
[EventRounds "13"]
[EventCountry "NED"]
[EventCategory "17"]
[SourceTitle "CBM 069"]
[Source "ChessBase"]
[SourceDate "1999.04.01"]
[SourceVersion "1"]
[SourceVersionDate "1999.04.01"]
[SourceQuality "1"]

1. d4 {Huzman} Nf6 2. c4 g6 3. Nc3 Bg7 4. e4 d6 5. Nf3 O-O 6. Be2 e5 7. O-O Nc6
8. d5 Ne7 9. Ne1 Nd7 10. Be3 f5 11. f3 f4 12. Bf2 g5 13. Rc1 Ng6 14. c5 {
This pawn sacrifice enables white to come first with his assault on the queen
side,much earlier than black with his threats on the opposite side of the
board.} Nxc5 15. b4 Na6 16. Nd3 {This strong move was introduced by Piket in
his game against the World champion (Piket-Kasparov, Linares, 1997). Earlier
white played 16.Sb5, striving to recapture a sacrificed pawn. But in fact
white does not need to hurry. As long as black knight remains on a6 black
hardly can improve his chances. Let`s not forget a rule, formulated about 100
years ago by S.Tarrasch: "if one piece is badly placed - the position in whole
is bad".} Rf7 (16... h5 {Huzman} 17. Nb5 Bd7 18. a4 Bh6 19. Rc3 b6 $5 20. Be1
$1 Rf7 21. Nf2 Nh4 (21... Bc8 22. Ra3 Nb8 23. a5 a6 24. axb6 cxb6 $13 {
Pajeken-Kreiman, Hamburg 1997}) 22. Nxd6 cxd6 23. Bxa6 Qe8 $1 24. Qe2 $5 g4 $1
25. fxg4 Nxg2 $3 (25... Rg7 $2 26. h3 Qg6 27. Bb5 $1 Bxb5 28. axb5 Rf8 29. Nd1
$16 {Piket-Kasparov, Linares 1997 Inf.69/553}) 26. Kxg2 hxg4 27. Qc2 (27. Kh1
$2 f3 28. Qc2 g3 29. hxg3 Be3 $1 $19 {Kasparov}) 27... Rh7 $1 28. Nh1 Qh5 29.
Ng3 fxg3 30. Bxg3 $13 {Piket. CBM 64}) 17. Nb5 Bd7 (17... Bf8 {Huzman} 18. a4
b6 19. Be1 Rg7 20. Nf2 h5 21. Qc2 Nh4 22. h3 Kh8 23. Qc6 Bd7 24. Qb7 $16 {
Krivoshey-Stets, Presov 1997}) 18. a4 (18. Nxa7 $2 {Huzman} Qb8 $19) 18... Qe8
{A novelty, not too impressive, though. Other moves, which had been tried
before: 18...b6 or 18...h5.} (18... Qb8 {Huzman} 19. Na3 $1 (19. Qc2 c6 20.
dxc6 bxc6 21. Nc3 Nc7 {[%cal Yc7e6,Ye6d4]}) 19... Qd8 (19... c6 20. dxc6 bxc6
21. b5 cxb5 22. Nxb5 Bxb5 23. axb5 Nc7 24. Nb4 $16) 20. Qc2 $44) 19. Nb2 $1 Qb8
(19... Bxb5 20. Bxb5 $44) 20. Qc2 $5 {A very subtle move. White threatens to
take on c7.} (20. Qd2 {Huzman} h5 {[%cal Yg5g4]}) 20... Be8 {Still, however
bad it looks, black had to take on b5, and then on b4...} ({After} 20... Bxb5
21. axb5 (21. Bxb5 {Huzman} Nxb4 22. Qb3 a5) 21... Nxb4 22. Qb3 a5 23. b6 {
white, according to Piket, has a strong initiative, compensating him for
material loss...}) 21. Qd2 h5 {21...Bf8!?, eventually threatening with c7-c6.}
22. Rc4 Bh6 (22... Bd7 $2 {Huzman} 23. Rfc1 {[%csl Rc7]}) 23. Rfc1 Kg7 24. Nd3
Qd8 (24... g4 $2 {Huzman} 25. fxg4 hxg4 (25... f3 26. g5 $16) 26. Bxg4 f3 27.
Be3 Bxe3+ 28. Qxe3 c6 (28... fxg2 29. Nxd6 $1 cxd6 30. Rc8 $18) 29. gxf3 $1 $18
) 25. Qc3 g4 26. Nxc7 Nxc7 27. Rxc7 $16 g3 28. Be1 gxh2+ $6 {By this move he
deprives himself of any counterplay - he just admits he lost the battle.} (
28... Bxa4 $5 {Huzman} 29. Rxf7+ Kxf7 30. Qc7+ Qe7 31. Nb2 gxh2+ 32. Kh1 Be8
33. b5 $44) (28... Qh4 {Huzman} 29. Rxf7+ Bxf7 30. h3 $16) 29. Kh1 Bg5 (29...
Bxa4 {Huzman}) 30. Rxf7+ Bxf7 (30... Kxf7 {Huzman} 31. Qc7+ Qxc7 32. Rxc7+ Ne7
33. b5 $16) 31. Qc7 {'|^' Huzman. Huzman: '<< Black`s attack is over and White
are destroying Queen`s side of Black '} Qb8 32. b5 Bd8 33. Qxb8 Rxb8 34. Bb4
$18 Be7 35. Rc7 Kf8 36. Nb2 Ke8 37. Nc4 Kd8 38. Bxd6 1-0